<?xml version="1.0" encoding="UTF-8"?>
<record
    xmlns:xsi="http://www.w3.org/2001/XMLSchema-instance"
    xsi:schemaLocation="http://www.loc.gov/MARC21/slim http://www.loc.gov/standards/marcxml/schema/MARC21slim.xsd"
    xmlns="http://www.loc.gov/MARC21/slim">

  <leader>01012nam a2200217 a 4500</leader>
  <controlfield tag="001">22771</controlfield>
  <controlfield tag="003">CO-ViMGA</controlfield>
  <controlfield tag="008">141112s2004    ck      r     000 u spa d</controlfield>
  <datafield tag="020" ind1=" " ind2=" ">
    <subfield code="a">9789588321271</subfield>
  </datafield>
  <datafield tag="040" ind1=" " ind2=" ">
    <subfield code="a">CO-ViMGA</subfield>
    <subfield code="b">spa</subfield>
    <subfield code="c">CO-ViMGA</subfield>
  </datafield>
  <datafield tag="082" ind1="0" ind2="4">
    <subfield code="a">709.86 G147a</subfield>
  </datafield>
  <datafield tag="100" ind1="1" ind2=" ">
    <subfield code="a">Gait&#xE1;n Tobar, Andr&#xE9;s</subfield>
    <subfield code="9">32517</subfield>
  </datafield>
  <datafield tag="245" ind1="1" ind2="0">
    <subfield code="a">Severo rev&#xE9;s : </subfield>
    <subfield code="b">entre  fragmentos de espejo y particulas de muerte; andr&#xE9;s gait&#xE1;n tobar. Me veo  y me reflejo, me veo y me rectracto; claudia salamanca. Bogot&#xE1; : </subfield>
    <subfield code="b">reflexiones sobre arte p&#xFA;blico; carolina  vanegas</subfield>
  </datafield>
  <datafield tag="260" ind1=" " ind2=" ">
    <subfield code="a">Colombia : </subfield>
    <subfield code="b">Alcaldia Mayor de Bogot&#xE1;</subfield>
  </datafield>
  <datafield tag="300" ind1=" " ind2=" ">
    <subfield code="a">131p.</subfield>
  </datafield>
  <datafield tag="505" ind1=" " ind2=" ">
    <subfield code="a">Severo rev&#xE9;s : entre  fragmentos de espejo y particulas de muerte. Me veo  y me reflejo, me veo y me rectracto. Bogot&#xE1; : reflexiones sobre arte p&#xFA;blico.</subfield>
  </datafield>
  <datafield tag="650" ind1="1" ind2="4">
    <subfield code="a">ARTE COLOMBIANO - ENSAYOS, COMPETENCIAS </subfield>
    <subfield code="9">32518</subfield>
  </datafield>
  <datafield tag="650" ind1="1" ind2="4">
    <subfield code="a">ARTE PUBLICO - Bogot&#xE1; ( COLOMBIA) - ENSAYOS CONFERENCIAS </subfield>
    <subfield code="9">32519</subfield>
  </datafield>
  <datafield tag="650" ind1="1" ind2="4">
    <subfield code="a">ARTISTAS PLASTICOS COLOMBIANOS - ENSAYOS </subfield>
    <subfield code="9">32520</subfield>
  </datafield>
  <datafield tag="942" ind1=" " ind2=" ">
    <subfield code="2">ddc</subfield>
    <subfield code="c">BK</subfield>
  </datafield>
  <datafield tag="999" ind1=" " ind2=" ">
    <subfield code="c">31068</subfield>
    <subfield code="d">31068</subfield>
  </datafield>
  <datafield tag="952" ind1=" " ind2=" ">
    <subfield code="0">0</subfield>
    <subfield code="1">0</subfield>
    <subfield code="2">ddc</subfield>
    <subfield code="4">0</subfield>
    <subfield code="7">0</subfield>
    <subfield code="8">003</subfield>
    <subfield code="a">MEVIECAR</subfield>
    <subfield code="b">MEVIECAR</subfield>
    <subfield code="d">2015-12-04</subfield>
    <subfield code="h">Volumen. 1 | 20/oct/2009</subfield>
    <subfield code="l">0</subfield>
    <subfield code="o">709.86 G147a </subfield>
    <subfield code="p">22771</subfield>
    <subfield code="r">2015-12-04 00:00:00</subfield>
    <subfield code="t">Ej. 1</subfield>
    <subfield code="w">2015-12-04</subfield>
    <subfield code="y">BK</subfield>
  </datafield>
</record>
